Sanat: "Piha ilman sadettajaa" - Zen Café - Statistics

Yleistilastot
  • Tätä visaa on pelattu 170 kertaa
  • Keskiarvotulos 216 / 276
Vastaustilastot
% Oikein
en
99%
Jos
99%
jos
99%
olen
98%
olen,
98%
Piha
98%
piha
98%
ilma.
97%
minä
97%
sadettajaa,
97%
sadettajaa.
97%
sen
97%
sua
97%
ilman
96%
saa.
96%
sitä
96%
Sitä
96%
et
95%
et,
95%
siinä
95%
sinä
94%
enää
93%
minua
93%
ja
92%
tahdo,
88%
kaivo.
85%
kylmä
84%
huoli,
83%
kivinen
83%
puu,
83%
salama
81%
jonka
80%
nuoli.
80%
77%
minusta
73%
maa,
71%
revitty
68%
piittaa,
67%
yksin
65%
Palanut
61%
joudun
60%
vuoteeseen.
58%
peitto
54%
kaipaa,
53%
luoteeseen.
53%
kääntyy
52%
että
49%
niin
49%
käärin
48%
kun
48%
oot.
48%
asettelen
47%
täyty,
47%
kuvittelen,
45%
on
45%
Peiton
45%
rullaksi,
45%
Tarvitsen
45%
tarvitsen
45%
tuulet
45%
viereeni,
45%
tiskaamaan.
43%
sut,
42%
vaikka
39%
Aamuyö
38%
untuvilla
38%
kuin
37%
lautaset
37%
puhtaat
35%
sängyssäni
35%
täytetty.
35%
kysy
34%
seuraavaan.
34%
vaihtuu
34%
Vastaan,
34%
lohduton,
33%
yhä
33%
nukkumaan.
32%
alahyllylle.
31%
kuivauskaappiin
31%
siirrän
30%
viikko
30%
aika
29%
vanhus
29%
loppuu
28%
laittaa
25%
vyöryy
24%
kelloista
23%
täytyy
23%
ahtaana
21%
toivo,
21%
iltaa
20%
taluttaa
18%
laahustaa,
17%
pellon
17%
vaiti
16%
Aamupäivä
13%
multa.
13%
Ehtoja vastaavia visoja ei löytynyt
Tulosjakauma
Jokaisen tuloksen saaneiden osuus
Persentiili vastausten määrän mukaan
Tuloshistoriasi
Et ole pelannut tätä visaa